[Event "Acropolis 2008"]
[Site "Athens"]
[Date "2008.08.10"]
[Round "2.16"]
[White "Dembo, Yelena"]
[Black "Stefanidi, Maria-Anna"]
[Result "1-0"]
[WhiteElo "2431"]
[BlackElo "2095"]
[PlyCount "89"]
[EventDate "2008.08.09"]

1. e4 c5 2. Nf3 d6 3. d4 cxd4 4. Nxd4 Nf6 5. Nc3 a6 6. Be2 e6 7. O-O Be7 8. Be3
Qc7 9. a4 b6 10. f4 Bb7 11. Bf3 Nbd7 12. Qe2 Rc8 13. g4 Nc5 14. Qg2 Nfd7 15.
Nde2 Nf8 16. f5 e5 17. Ng3 Ncd7 18. Qd2 Qc4 19. Bg2 f6 20. Rf2 Qb4 21. Nd1 Qxd2
22. Rxd2 Kf7 23. Bf1 g5 24. b3 Nc5 25. Nf2 a5 26. Bc4+ Ke8 27. Rad1 Nfd7 28.
Be2 h6 29. Kg2 Rh7 30. Rh1 Nb8 31. h4 Rf7 32. hxg5 hxg5 33. Bc4 Rf8 34. Rh7
Nba6 35. Bb5+ Bc6 36. Bxa6 Nxa6 37. Bxb6 Nb4 38. Bxa5 Nxc2 39. Rxc2 Bxe4+ 40.
Ngxe4 Rxc2 41. Bb4 Rc6 42. Nc3 Rf7 43. Rh8+ Kd7 44. Nd5 Rc2 45. Nb6+ 1-0

[Event "Acropolis 2008"]
[Site "Athens"]
[Date "2008.08.10"]
[Round "2.17"]
[White "Pavlidou, Ekaterini"]
[Black "Caselas Cabanas, Jacobo"]
[Result "0-1"]
[WhiteElo "2034"]
[BlackElo "2418"]
[PlyCount "82"]
[EventDate "2008.08.09"]

1. d4 d5 2. c4 dxc4 3. Nf3 Nf6 4. e3 e6 5. Bxc4 c5 6. O-O Nc6 7. Qe2 cxd4 8.
Rd1 Be7 9. exd4 O-O 10. Nc3 Na5 11. Bd3 b6 12. Bf4 Bb7 13. Ba6 Qc8 14. Bd3 Qd8
15. Ba6 Bxa6 16. Qxa6 Bb4 17. Ne2 Qc8 18. Qd3 Qc4 19. Ne5 Qxd3 20. Rxd3 Rac8
21. a3 Be7 22. b4 Nc4 23. b5 Nxe5 24. dxe5 Nd5 25. Bd2 Rc4 26. Nd4 Bc5 27. Nc6
Ra8 28. Nb4 Bxb4 29. Bxb4 Nxb4 30. axb4 Rxb4 31. g3 g5 32. Rd7 Rxb5 33. f4 gxf4
34. gxf4 a5 35. Rc1 Rc5 36. Rxc5 bxc5 37. Rc7 a4 38. Rxc5 a3 39. Rc1 Kg7 40.
Kf2 a2 41. Ra1 Ra3 0-1

[Event "Acropolis 2008"]
[Site "Athens"]
[Date "2008.08.10"]
[Round "2.18"]
[White "Banikas, Hristos"]
[Black "Karlovich, Anastazia"]
[Result "1-0"]
[WhiteElo "2572"]
[BlackElo "2242"]
[PlyCount "77"]
[EventDate "2008.08.09"]

1. Nf3 Nf6 2. c4 e6 3. g3 b6 4. Bg2 Bb7 5. O-O c5 6. Nc3 Be7 7. d4 cxd4 8. Qxd4
d6 9. Rd1 a6 10. Bg5 Nbd7 11. Qd2 Qc7 12. Rac1 O-O 13. Bf4 e5 14. Bg5 Rfe8 15.
b3 h6 16. Bxf6 Nxf6 17. Nh4 Bxg2 18. Nxg2 Qb7 19. Ne3 Bf8 20. Ned5 Nd7 21. Qd3
Rac8 22. Qf3 Qc6 23. Ne4 Re6 24. h4 Nc5 25. h5 Nxe4 26. Qxe4 Be7 27. Rc3 Bd8
28. Rcd3 b5 29. cxb5 axb5 30. Rc3 Qa8 31. Rxc8 Qxc8 32. Qd3 Qc6 33. Qc3 Qb7 34.
e4 Bb6 35. Rc1 Qa7 36. Qc8+ Kh7 37. Rc2 Bc5 38. Qc7 Re7 39. Qxe7 1-0

[Event "Acropolis 2008"]
[Site "Athens"]
[Date "2008.08.10"]
[Round "2.19"]
[White "Georgiou, Kostantinos"]
[Black "Kolev, Atanas"]
[Result "0-1"]
[WhiteElo "2236"]
[BlackElo "2565"]
[PlyCount "68"]
[EventDate "2008.08.09"]

1. e4 c5 2. Nf3 e6 3. d3 Nc6 4. g3 g6 5. Bg2 Bg7 6. O-O Nge7 7. Re1 d6 8. c3 e5
9. a3 O-O 10. b4 h6 11. Be3 b6 12. b5 Na5 13. Bd2 c4 14. dxc4 Qc7 15. a4 Be6
16. Na3 Rac8 17. h4 f5 18. Bh3 Qd7 19. Nh2 Nxc4 20. Nxc4 Rxc4 21. a5 fxe4 22.
Bxe6+ Qxe6 23. axb6 axb6 24. Ra7 d5 25. Ng4 Nf5 26. Qc1 h5 27. Nh6+ Bxh6 28.
Bxh6 Rf7 29. Ra8+ Kh7 30. Qg5 Nxh6 31. Qd8 Qf6 32. Qxf6 Rxf6 33. Rea1 Rxc3 34.
Re8 Nf7 0-1

[Event "Acropolis 2008"]
[Site "Athens"]
[Date "2008.08.10"]
[Round "2.21"]
[White "Aggelis, Nikolaos"]
[Black "Tirard, Hugo"]
[Result "1-0"]
[WhiteElo "2271"]
[BlackElo "2461"]
[PlyCount "79"]
[EventDate "2008.08.09"]

1. Nf3 c5 2. g3 Nc6 3. d4 cxd4 4. Nxd4 g6 5. Bg2 Bg7 6. Nxc6 bxc6 7. c4 Rb8 8.
Qc2 Nh6 9. O-O Nf5 10. Nd2 Nd4 11. Qd3 O-O 12. e3 Ne6 13. Qa3 a5 14. Nb3 Ba6
15. Rd1 Bxc4 16. Nxa5 Be2 17. Nxc6 dxc6 18. Rxd8 Rfxd8 19. f4 Rd1+ 20. Kf2 Bh5
21. h3 Bxb2 22. Bxb2 Rd2+ 23. Kg1 Rbxb2 24. Bxc6 Be2 25. Qxe7 Bc4 26. g4 Bd5
27. Bxd5 Rxd5 28. a4 Rdd2 29. Qe8+ Kg7 30. Qa8 Nc5 31. Qf3 f5 32. gxf5 gxf5 33.
a5 Rd6 34. a6 Nxa6 35. Qa8 Nc7 36. Qc8 Rc2 37. Qxf5 Rdd2 38. Qg4+ Kf6 39. Rd1
Ne6 40. Rxd2 1-0

[Event "Acropolis 2008"]
[Site "Athens"]
[Date "2008.08.10"]
[Round "2.22"]
[White "Dzagnidze, Nana"]
[Black "Skiadopoulos, Nikolaos"]
[Result "1-0"]
[WhiteElo "2458"]
[BlackElo "2210"]
[PlyCount "71"]
[EventDate "2008.08.09"]

1. d4 Nf6 2. c4 c5 3. d5 b5 4. cxb5 a6 5. bxa6 e6 6. Nc3 Nxd5 7. Nxd5 exd5 8.
Qxd5 Nc6 9. e4 Be7 10. Nf3 O-O 11. Bd2 Qb6 12. Bc3 d6 13. Qd2 Re8 14. Be2 Bxa6
15. O-O h6 16. Rfe1 Ne5 17. Nxe5 dxe5 18. Bxa6 Bg5 19. Qd5 Rxa6 20. Bxe5 Bf6
21. Bxf6 Qxf6 22. e5 Qb6 23. Qc4 Qa5 24. a3 Rb6 25. Re2 Reb8 26. e6 fxe6 27.
Rxe6 Rxe6 28. Qxe6+ Kh8 29. Qe5 Qb6 30. Rb1 c4 31. h3 Rd8 32. Re1 Rb8 33. Re2
Qb3 34. Qd4 Qb5 35. Re7 Qg5 36. Rc7 1-0

[Event "Acropolis 2008"]
[Site "Athens"]
[Date "2008.08.10"]
[Round "2.24"]
[White "Aloma Vidal, Robert"]
[Black "Iordanidou, Zoi"]
[Result "1-0"]
[WhiteElo "2388"]
[BlackElo "2060"]
[PlyCount "63"]
[EventDate "2008.08.09"]

1. d4 Nf6 2. c4 c5 3. d5 b5 4. cxb5 a6 5. Nc3 axb5 6. e4 d6 7. Bxb5+ Bd7 8. Bc4
g6 9. Nf3 Bg7 10. e5 dxe5 11. Nxe5 O-O 12. O-O Bf5 13. Re1 Ne8 14. Bb5 Nd6 15.
Nc6 Nxc6 16. Bxc6 Ra7 17. Bg5 h6 18. Be3 Qa5 19. Qc1 Kh7 20. Na4 c4 21. Bb6 Qa6
22. Qe3 Raa8 23. Bxa8 Rxa8 24. Nc3 Bd3 25. Bc5 Nf5 26. Qf3 Qb7 27. g4 Nh4 28.
Qxf7 Rf8 29. Qxg7+ Kxg7 30. Rxe7+ Rf7 31. Rxb7 Rxb7 32. a4 1-0

[Event "Acropolis 2008"]
[Site "Athens"]
[Date "2008.08.10"]
[Round "2.25"]
[White "Secer, Ata"]
[Black "Panagiotopoulos, Alexandros"]
[Result "1-0"]
[WhiteElo "2320"]
[BlackElo "2197"]
[PlyCount "69"]
[EventDate "2008.08.09"]

1. e4 c5 2. Nf3 Nc6 3. d4 cxd4 4. Nxd4 Nf6 5. Nc3 e5 6. Ndb5 d6 7. Bg5 a6 8.
Na3 b5 9. Nd5 Be7 10. Bxf6 Bxf6 11. c4 b4 12. Nc2 Rb8 13. b3 Bg5 14. g3 O-O 15.
h4 Bh6 16. Bh3 Be6 17. Qh5 Qd7 18. Bf5 Bxf5 19. Qxf5 Qxf5 20. exf5 f6 21. Rd1
Rb7 22. Ke2 Kf7 23. g4 Rd8 24. Kf3 a5 25. Ke4 g6 26. fxg6+ hxg6 27. h5 Bg5 28.
Rh3 gxh5 29. Rxh5 Kg6 30. Rdh1 Rf7 31. Nce3 Bxe3 32. Nxe3 Rg7 33. Nf5 Rgg8 34.
Rh7 Rde8 35. R1h6+ 1-0

[Event "Acropolis 2008"]
[Site "Athens"]
[Date "2008.08.10"]
[Round "2.26"]
[White "Rudolf, Anna"]
[Black "Kourousis, Epaminondas"]
[Result "1-0"]
[WhiteElo "2337"]
[BlackElo "2221"]
[PlyCount "127"]
[EventDate "2008.08.09"]

1. e4 c6 2. d4 d5 3. Nc3 dxe4 4. Nxe4 Bf5 5. Ng3 Bg6 6. Nf3 e6 7. Bd3 Nf6 8.
O-O Nbd7 9. Re1 Be7 10. b3 O-O 11. Bxg6 hxg6 12. Bb2 Qa5 13. a3 Rfd8 14. Qe2
Rac8 15. Rad1 Nh5 16. Ne4 Nf4 17. Qe3 Nd5 18. Qc1 N5f6 19. Neg5 Nh7 20. Nxh7
Kxh7 21. c4 Bf6 22. Nd2 Bg5 23. Qc2 Bxd2 24. Rxd2 Kg8 25. Red1 Nf6 26. Rd3 Rd7
27. Re3 Rcd8 28. Rde1 c5 29. Bc3 Qb6 30. dxc5 Qxc5 31. Qb2 Rd1 32. h3 Rxe1+ 33.
Rxe1 Qf5 34. b4 Rd3 35. Qc2 g5 36. a4 g4 37. Bxf6 gxh3 38. Bh4 Re3 39. Qd2 Re4
40. Bg3 Rxc4 41. gxh3 b5 42. Kh2 bxa4 43. Re5 Qf6 44. Ra5 Qe7 45. Rxa4 f6 46.
Qd6 Qxd6 47. Bxd6 Rc6 48. Bc5 a6 49. Ra3 e5 50. Rd3 a5 51. Rd7 axb4 52. Bxb4
Rb6 53. Bd6 Rb2 54. Bc5 Re2 55. Bb6 Rb2 56. Be3 Kh7 57. Kg3 f5 58. Bc5 Rb3+ 59.
Kg2 e4 60. Bd4 f4 61. Rxg7+ Kh6 62. Rg4 e3 63. Rxf4 e2 64. Rf6+ 1-0

[Event "Acropolis 2008"]
[Site "Athens"]
[Date "2008.08.10"]
[Round "2.27"]
[White "Margaritis, Fotios"]
[Black "Gazis, Efstathios"]
[Result "1/2-1/2"]
[WhiteElo "2220"]
[BlackElo "2308"]
[PlyCount "64"]
[EventDate "2008.08.09"]

1. e4 e6 2. d4 d5 3. Nd2 c5 4. Ngf3 cxd4 5. exd5 Qxd5 6. Bc4 Qd6 7. Qe2 Nf6 8.
Nb3 Nc6 9. Bg5 Be7 10. O-O-O a6 11. Nbxd4 Qc7 12. Rhe1 O-O 13. Nxc6 Qxc6 14.
Ne5 Qc7 15. Rd4 h6 16. Bxf6 Bxf6 17. Bd3 Rd8 18. Rxd8+ Bxd8 19. Qe4 f5 20. Qc4
b5 21. Qb3 Bg5+ 22. Kb1 Bd2 23. Re2 Bf4 24. Ng6 Kh7 25. Bxf5 exf5 26. Nf8+ Kh8
27. Ng6+ Kh7 28. Nf8+ Kh8 29. Re8 Bb7 30. Ng6+ Kh7 31. Nf8+ Kh8 32. Ng6+ Kh7
1/2-1/2

[Event "Acropolis 2008"]
[Site "Athens"]
[Date "2008.08.10"]
[Round "2.28"]
[White "Kordis, Konstantinos"]
[Black "Kanakaris, Georgios"]
[Result "0-1"]
[WhiteElo "2216"]
[BlackElo "2284"]
[PlyCount "92"]
[EventDate "2008.08.09"]

1. e4 e6 2. d4 d5 3. Nc3 Bb4 4. e5 c5 5. a3 Bxc3+ 6. bxc3 Ne7 7. h4 Nbc6 8. Nf3
Qa5 9. Bd2 Bd7 10. h5 h6 11. Bd3 c4 12. Be2 O-O-O 13. O-O f6 14. Bf4 Be8 15.
exf6 gxf6 16. Qd2 Bxh5 17. Nh2 Bxe2 18. Qxe2 Qxc3 19. Qxe6+ Rd7 20. Rab1 Rhd8
21. Qxf6 Qxd4 22. Qxh6 Rh8 23. Nf3 Rxh6 24. Nxd4 Nxd4 25. Bxh6 Nef5 26. Rfd1
Ne2+ 27. Kh1 Nc3 28. Bd2 Nxb1 29. Rxb1 Rh7+ 30. Kg1 Nd4 31. f4 Nxc2 32. f5 Nd4
33. Rf1 Kd7 34. g4 c3 35. Be3 Ne2+ 36. Kg2 d4 37. Re1 Re7 38. Rxe2 Rxe3 39. Rc2
d3 40. Rxc3 d2 41. Rxe3 d1=Q 42. Kg3 Qd6+ 43. Kf3 Qh6 44. a4 Qh1+ 45. Kf4 Qh2+
46. Kf3 Kd6 0-1

[Event "Acropolis 2008"]
[Site "Athens"]
[Date "2008.08.10"]
[Round "2.29"]
[White "Velcheva, Maria"]
[Black "Nathanail, Emanouel"]
[Result "1/2-1/2"]
[WhiteElo "2281"]
[BlackElo "2219"]
[PlyCount "34"]
[EventDate "2008.08.09"]

1. e4 Nf6 2. e5 Nd5 3. d4 d6 4. c4 Nb6 5. exd6 exd6 6. Nc3 Be7 7. h3 Nc6 8. Nf3
Bf5 9. Be3 O-O 10. Be2 d5 11. c5 Nc4 12. Bxc4 dxc4 13. Qa4 Bd3 14. d5 Nb8 15.
Ne5 Bxc5 16. Nxd3 Bxe3 17. fxe3 cxd3 1/2-1/2

[Event "Acropolis 2008"]
[Site "Athens"]
[Date "2008.08.10"]
[Round "2.32"]
[White "Pountzas, Hrisanthos"]
[Black "Goumas, Georgios"]
[Result "1/2-1/2"]
[WhiteElo "2202"]
[BlackElo "2276"]
[PlyCount "132"]
[EventDate "2008.08.09"]

1. Nf3 Nf6 2. g3 e6 3. Bg2 d5 4. O-O Be7 5. d3 O-O 6. Nbd2 c5 7. e4 Nc6 8. e5
Nd7 9. Re1 f6 10. exf6 Nxf6 11. c3 Qc7 12. d4 Bd6 13. Qe2 Re8 14. dxc5 Bxc5 15.
Nb3 Bd6 16. Nbd4 a6 17. Nxc6 bxc6 18. Ne5 c5 19. Nc4 e5 20. Nxd6 Qxd6 21. c4
Bb7 22. Rd1 e4 23. cxd5 Bxd5 24. Be3 Qe6 25. Bxc5 Rac8 26. b4 Bc4 27. Qb2 Bd3
28. Rac1 Ng4 29. Bd4 Qf7 30. h3 Nf6 31. a4 h5 32. b5 axb5 33. axb5 h4 34. b6
hxg3 35. fxg3 Nh5 36. Qf2 Qd7 37. Qe3 Rxc1 38. Rxc1 Nxg3 39. Rc7 Qxd4 40. Qxd4
Ne2+ 41. Kh2 Nxd4 42. b7 Ba6 43. Bxe4 Kh8 44. Rd7 Ne6 45. Re7 Rb8 46. Rxe6 Bxb7
47. Rb6 Bxe4 48. Rxb8+ Kh7 49. Kg3 Bd5 50. Kf4 Be6 51. h4 Bc4 52. Kg5 Bd3 53.
Rd8 Bc2 54. Rd2 Bb1 55. Kf4 Kh6 56. Rg2 Bd3 57. Rg5 Bc2 58. Ke5 g6 59. Kf6 Bd3
60. Rd5 Bc2 61. Rd2 Bb1 62. Rd1 Bc2 63. Rc1 Bd3 64. Rc5 Bb1 65. Rc8 Kh5 66.
Rh8+ Kg4 1/2-1/2

[Event "Acropolis 2008"]
[Site "Athens"]
[Date "2008.08.10"]
[Round "2.33"]
[White "Simeonidis, Ioannis"]
[Black "Galopoulos, Panagiotis"]
[Result "1/2-1/2"]
[WhiteElo "2275"]
[BlackElo "2200"]
[PlyCount "127"]
[EventDate "2008.08.09"]

1. Nf3 Nf6 2. g3 d5 3. Bg2 c6 4. O-O Bf5 5. c4 e6 6. cxd5 exd5 7. d3 Be7 8. Qb3
Qb6 9. Qc2 O-O 10. Nc3 Na6 11. e4 Nb4 12. Qe2 Bg6 13. Ne5 dxe4 14. dxe4 Qa6 15.
Qxa6 Nxa6 16. Be3 Bc5 17. Bxc5 Nxc5 18. Nxg6 hxg6 19. b4 Nd3 20. Rab1 g5 21.
Rfd1 Rad8 22. Rd2 Rd7 23. b5 Re8 24. bxc6 bxc6 25. Rbd1 Red8 26. Bf1 Ne5 27.
Rxd7 Rxd7 28. Rxd7 Nfxd7 29. Be2 Kf8 30. Kg2 Ke7 31. f4 gxf4 32. gxf4 Ng6 33.
Kg3 Kd6 34. Bc4 f6 35. Bf7 Ne7 36. h4 Kc5 37. Kf3 Kd4 38. Ne2+ Kd3 39. Ng3 c5
40. Be8 Nb6 41. Bb5+ c4 42. h5 Kc2 43. Ke3 Kb2 44. Kd4 c3 45. Ne2 c2 46. Kc5
Kxa2 47. Kd6 Nec8+ 48. Ke6 Kb2 49. e5 fxe5 50. f5 a5 51. f6 gxf6 52. h6 Ne7 53.
Kxe7 Nd5+ 54. Kf7 Nf4 55. Nc1 Kxc1 56. Ba4 e4 57. h7 e3 58. h8=Q e2 59. Qh7
e1=N 60. Qe4 Nfd3 61. Qe2 Kb2 62. Kxf6 Kc3 63. Bxc2 Nxc2 64. Qh5 1/2-1/2

[Event "Acropolis 2008"]
[Site "Athens"]
[Date "2008.08.10"]
[Round "2.36"]
[White "Stiri, Alexandra"]
[Black "Pavlidis, Antonios"]
[Result "1/2-1/2"]
[WhiteElo "2149"]
[BlackElo "2266"]
[PlyCount "121"]
[EventDate "2008.08.09"]

1. e4 e5 2. Nf3 Nc6 3. d4 exd4 4. Nxd4 Bc5 5. Be3 Qf6 6. c3 Nge7 7. g3 h5 8. h3
d5 9. Bg2 dxe4 10. Nd2 Bxd4 11. cxd4 Bf5 12. Nxe4 Bxe4 13. Bxe4 O-O-O 14. Qb3
Rhe8 15. g4 Ng6 16. Bf5+ Kb8 17. O-O-O Nh4 18. Bc2 Nf3 19. g5 Qd6 20. Qxf7
Ncxd4 21. Kb1 Qc6 22. Bxd4 Nxd4 23. Bd3 Ne6 24. Rhe1 a6 25. Rc1 Nxg5 26. Qxh5
Rxe1 27. Rxe1 Rxd3 28. Qxg5 Qd7 29. Qg4 Qd5 30. a3 g5 31. h4 gxh4 32. Qxh4 Rd2
33. Qh8+ Ka7 34. Qc3 Qf5+ 35. Ka1 Qxf2 36. Qe3+ Qxe3 37. Rxe3 Kb6 38. Kb1 c5
39. Kc1 Rh2 40. Re6+ Kb5 41. Re5 Kc4 42. Kb1 Kb3 43. Re3+ Ka4 44. Re4+ Ka5 45.
Re5 b6 46. Ka2 Rd2 47. Kb3 Kb5 48. Rh5 Rd3+ 49. Ka2 Kc6 50. Rh6+ Rd6 51. Rh4 b5
52. Rg4 Kb6 53. Rh4 Ka5 54. Rh3 c4 55. Rg3 Ka4 56. Rg4 Rd2 57. Rf4 a5 58. Rg4
Re2 59. Rh4 b4 60. axb4 axb4 61. Rxc4 1/2-1/2

[Event "Acropolis 2008"]
[Site "Athens"]
[Date "2008.08.10"]
[Round "2.37"]
[White "Sarandos, Vasilios"]
[Black "Dounis, Alexandros"]
[Result "1-0"]
[WhiteElo "2259"]
[BlackElo "2162"]
[PlyCount "85"]
[EventDate "2008.08.09"]

1. d4 Nf6 2. Nf3 g6 3. c4 Bg7 4. Nc3 d5 5. Qb3 c6 6. Bf4 dxc4 7. Qxc4 b5 8. Qb3
O-O 9. e4 Be6 10. Qc2 b4 11. Na4 Qa5 12. b3 Nbd7 13. Ne5 Nxe5 14. Bxe5 Rac8 15.
Nc5 Nd7 16. Bxg7 Kxg7 17. Nxd7 Bxd7 18. Rc1 Qg5 19. Qd2 Qh4 20. Qe3 f5 21. exf5
Bxf5 22. Be2 Rcd8 23. Rc4 Rd6 24. d5 Qf6 25. Rxc6 Rxc6 26. dxc6 Qa1+ 27. Bd1
Qc3+ 28. Qxc3+ bxc3 29. Bf3 Bd3 30. Kd1 Rd8 31. Kc1 c2 32. Re1 Kf6 33. Re3 Bf5
34. Be4 Rc8 35. Bxf5 gxf5 36. Rc3 Ke5 37. c7 Kd5 38. Kxc2 e5 39. b4 e4 40. g3
Kd6 41. Kd2 Rxc7 42. Rxc7 Kxc7 43. Ke3 1-0

[Event "Acropolis 2008"]
[Site "Athens"]
[Date "2008.08.10"]
[Round "2.38"]
[White "Makka, Evanthia"]
[Black "Exizoglou, Dimitrios"]
[Result "0-1"]
[WhiteElo "2099"]
[BlackElo "2251"]
[PlyCount "54"]
[EventDate "2008.08.09"]

1. d4 Nf6 2. c3 b6 3. Bf4 Bb7 4. h3 e6 5. Nd2 Be7 6. Ngf3 O-O 7. e3 c5 8. Bd3
d5 9. Ne5 Ne4 10. Nxe4 dxe4 11. Bb5 f6 12. Ng4 cxd4 13. exd4 Bd6 14. Bxd6 Qxd6
15. O-O Kh8 16. Qe2 a6 17. Ba4 b5 18. Bb3 Nd7 19. Nh2 f5 20. f3 Nf6 21. Rfe1 e5
22. fxe4 Nxe4 23. Nf3 exd4 24. Rad1 Rae8 25. Rxd4 Qg3 26. Bd5 Nf6 27. Qd2 Rxe1+
0-1

[Event "Acropolis 2008"]
[Site "Athens"]
[Date "2008.08.10"]
[Round "2.39"]
[White "Makropoulou, Marina"]
[Black "Kostopoulos, Evangellos"]
[Result "1/2-1/2"]
[WhiteElo "2244"]
[BlackElo "2150"]
[PlyCount "132"]
[EventDate "2008.08.09"]

1. e4 c5 2. Nf3 d6 3. d4 cxd4 4. Nxd4 Nf6 5. Nc3 a6 6. a4 Nc6 7. Be2 e5 8. Nb3
Be7 9. O-O O-O 10. Be3 Be6 11. Bf3 Nb4 12. a5 Rc8 13. Bb6 Qd7 14. Re1 Rfe8 15.
Re2 Bc4 16. Rd2 Qe6 17. Nc1 Nc6 18. b3 Bb5 19. Nd5 Nd4 20. Nc7 Nxf3+ 21. Qxf3
Rxc7 22. Bxc7 Bc6 23. Qf5 Nxe4 24. Qxe6 fxe6 25. Rd3 Rc8 26. Bb6 Nf6 27. c4 d5
28. Rd1 Nd7 29. Be3 d4 30. Bd2 e4 31. Na2 Nc5 32. Bb4 e5 33. Rab1 Kf7 34. Bxc5
Bxc5 35. b4 Bd6 36. b5 Bd7 37. bxa6 bxa6 38. Rb6 Ke7 39. Nb4 Rxc4 40. Nxa6 Ra4
41. Nb8 Bxb8 42. Rxb8 Rxa5 43. Rb2 d3 44. h3 Rd5 45. Kf1 Ba4 46. Rdd2 Rc5 47.
f3 exf3 48. gxf3 Bc2 49. Ra2 Rc7 50. Kf2 Kf6 51. Ke3 Rb7 52. Ra1 Kf5 53. Rg2 g5
54. Ra8 h6 55. Rf8+ Kg6 56. h4 Rg7 57. h5+ Kxh5 58. Rf6 g4 59. Rh2+ Kg5 60.
Rfxh6 gxf3 61. Kxf3 Rf7+ 62. Ke3 Rf4 63. R2h5+ Kg4 64. Rh4+ Kg5 65. R4h5+ Kg4
66. Rh4+ Kg5 1/2-1/2

[Event "Acropolis 2008"]
[Site "Athens"]
[Date "2008.08.10"]
[Round "2.40"]
[White "Sigalas, Frangiskos"]
[Black "Grapsa, Georgia"]
[Result "1-0"]
[WhiteElo "2242"]
[BlackElo "2104"]
[PlyCount "159"]
[EventDate "2008.08.09"]

1. e4 c6 2. d4 d5 3. e5 g6 4. Be3 Bg7 5. c4 Nh6 6. Nc3 O-O 7. Qb3 dxc4 8. Bxc4
b5 9. Be2 Nf5 10. Nf3 Be6 11. Qc2 Na6 12. O-O Nxe3 13. fxe3 Nb4 14. Qd2 Bh6 15.
a3 Nd5 16. Nxd5 Qxd5 17. Rac1 Rad8 18. Bd3 Bf5 19. Bxf5 gxf5 20. Qe2 Kh8 21.
Nh4 e6 22. g3 Qe4 23. Kf2 c5 24. dxc5 Rd3 25. Ng2 Rfd8 26. Rfd1 Rxd1 27. Rxd1
Rc8 28. b4 Qxe5 29. Qd3 a5 30. Qd4 Bg7 31. Qxe5 Bxe5 32. Rd3 axb4 33. axb4 Kg8
34. Ra3 Kf8 35. Nf4 Ke7 36. Ra5 Rb8 37. Ra7+ Kf6 38. Nd3 Bc3 39. Ra3 Be5 40.
Ra7 Bc3 41. Ke2 Rc8 42. Kd1 Bxb4 43. Nxb4 Rxc5 44. Kd2 h5 45. Rd7 h4 46. gxh4
Rc8 47. Rd4 Rh8 48. Nc6 e5 49. Rd6+ Kg7 50. Nxe5 Rxh4 51. Nf3 Ra4 52. Rd5 f4
53. Rxb5 Ra2+ 54. Kd3 Ra3+ 55. Ke4 fxe3 56. Rb2 Kg6 57. Rg2+ Kh5 58. Kf4 f6 59.
Re2 Ra4+ 60. Kxe3 Rg4 61. Rd2 f5 62. Rd6 Re4+ 63. Kf2 Ra4 64. Rd4 Ra2+ 65. Kg3
Ra3 66. Kf4 Kg6 67. Rd6+ Kg7 68. Rd5 Kg6 69. Nh4+ Kh7 70. Rd7+ Kg8 71. Nxf5 Rh3
72. Rd2 Kh7 73. Kg4 Ra3 74. Rd7+ Kg6 75. Rd6+ Kh7 76. Kg5 Ra2 77. Rd7+ Kh8 78.
Kg6 Ra6+ 79. Nd6 Ra8 80. Rd8+ 1-0

[Event "Acropolis 2008"]
[Site "Athens"]
[Date "2008.08.10"]
[Round "2.41"]
[White "Petraki, Maria"]
[Black "Filippas, Sebastian"]
[Result "1/2-1/2"]
[WhiteElo "2069"]
[BlackElo "2240"]
[PlyCount "106"]
[EventDate "2008.08.09"]

1. e4 c5 2. Nc3 Nc6 3. Bb5 Nd4 4. Bc4 g6 5. Nge2 Bg7 6. Nxd4 cxd4 7. Ne2 e6 8.
d3 Ne7 9. O-O O-O 10. Bb3 Nc6 11. a4 f5 12. exf5 gxf5 13. Nf4 b6 14. Nh5 Rf7
15. Nxg7 Rxg7 16. Bd2 Bb7 17. f3 Qh4 18. Qe2 Kf7 19. Rae1 Rg6 20. Rf2 Rag8 21.
Ba2 a5 22. Bc4 Nb4 23. c3 Nc2 24. Rc1 Ne3 25. Bxe3 dxe3 26. Qxe3 f4 27. Qd4 Bc6
28. Bb5 Rh6 29. Kf1 Qxh2 30. Ke1 Bxb5 31. axb5 Ke8 32. Qxb6 Rhg6 33. Ke2 Rxg2
34. Rcf1 Qh5 35. Qb8+ Ke7 36. Qxf4 Qxb5 37. Ke3 R2g5 38. d4 h5 39. Rc1 e5 40.
Qe4 Kf7 41. c4 exd4+ 42. Qxd4 Qf5 43. Rd1 Re8+ 44. Kd2 d5 45. Kc3 Rc8 46. b3
Kg8 47. Kb2 dxc4 48. bxc4 Qf7 49. f4 Qb7+ 50. Ka2 Rg4 51. Qd5+ Qf7 52. Rh1 Rxc4
53. Qxf7+ Kxf7 1/2-1/2

[Event "Acropolis 2008"]
[Site "Athens"]
[Date "2008.08.10"]
[Round "2.42"]
[White "Angelis, Mihail"]
[Black "Manelidou, Maria"]
[Result "1-0"]
[WhiteElo "2224"]
[BlackElo "1975"]
[PlyCount "109"]
[EventDate "2008.08.09"]

1. Nf3 Nf6 2. g3 e6 3. Bg2 d5 4. d4 b5 5. O-O Bb7 6. a4 c6 7. c3 Nbd7 8. Nbd2
Bd6 9. e4 dxe4 10. Ng5 Be7 11. Ngxe4 a6 12. Re1 O-O 13. Nxf6+ Nxf6 14. Nf3 Qc8
15. Qe2 bxa4 16. Rxa4 c5 17. dxc5 Bxc5 18. Be3 Bxe3 19. Qxe3 Rd8 20. Rea1 Rb8
21. Qe2 Rd6 22. Rc4 Qd8 23. Nd4 Bxg2 24. Kxg2 Rdb6 25. b4 Qd6 26. Rc5 Nd5 27.
Qc4 Ne7 28. Re1 g6 29. h4 h5 30. Re2 Nd5 31. Ra2 Kg7 32. Nc6 Ra8 33. Qd4+ Kg8
34. Ne5 Qe7 35. Nc4 Rbb8 36. Rca5 Rd8 37. Qe5 Qb7 38. Kh2 Ne7 39. Rc5 Rd1 40.
f3 Qxf3 41. Rg2 Rad8 42. Qe2 Qxe2 43. Rxe2 Rc1 44. Ne5 Nd5 45. Rf2 Rxc3 46.
Rxf7 Re3 47. Rd7 Rxd7 48. Nxd7 Nxb4 49. Rg5 Rd3 50. Rxg6+ Kh8 51. Nf6 Rd8 52.
Nxh5 e5 53. Re6 Rd5 54. Re8+ Kh7 55. Nf6+ 1-0

[Event "Acropolis 2008"]
[Site "Athens"]
[Date "2008.08.11"]
[Round "3.3"]
[White "Managadze, Nikoloz"]
[Black "Gelashvili, Tamaz"]
[Result "0-1"]
[WhiteElo "2444"]
[BlackElo "2612"]
[PlyCount "118"]
[EventDate "2008.08.09"]

1. e4 e5 2. Nf3 d6 3. d4 exd4 4. Nxd4 Nf6 5. Nc3 Be7 6. Be3 O-O 7. Be2 Re8 8.
O-O Bf8 9. Qd3 Nbd7 10. f3 a6 11. Qd2 Ne5 12. a4 d5 13. Nxd5 Nxd5 14. exd5 Qxd5
15. Qc3 Bc5 16. Bf2 Bxd4 17. Bxd4 Nc6 18. Be3 Bf5 19. Bc4 Qe5 20. Qxe5 Nxe5 21.
Bb3 Nd3 22. Bf2 Nxf2 23. Kxf2 a5 24. Rad1 Kf8 25. g4 Bg6 26. Rd7 Re7 27. Rfd1
Rae8 28. Rxe7 Kxe7 29. Re1+ Kf8 30. Rxe8+ Kxe8 31. Ke3 Ke7 32. f4 f6 33. c3 Kd6
34. Kd4 Be8 35. Bc2 h6 36. b4 b6 37. bxa5 bxa5 38. c4 c5+ 39. Ke4 g5 40. Ke3
Bc6 41. Bd1 Bg2 42. Be2 Bb7 43. Bd3 Bg2 44. Be2 Bc6 45. Bd1 Be8 46. Bc2 h5 47.
gxh5 Bxh5 48. Bb3 Bg6 49. Kf3 Ke6 50. Kg4 Bf5+ 51. Kf3 Kf7 52. Kg3 Kg6 53. fxg5
fxg5 54. h4 gxh4+ 55. Kxh4 Kf6 56. Kg3 Ke5 57. Kf2 Kd4 58. Ke2 Kc3 59. Ba2 Kb2
0-1

[Event "Acropolis 2008"]
[Site "Athens"]
[Date "2008.08.11"]
[Round "3.4"]
[White "Parligras, Mircea"]
[Black "Zhukova, Natalia"]
[Result "1-0"]
[WhiteElo "2588"]
[BlackElo "2489"]
[PlyCount "77"]
[EventDate "2008.08.09"]

1. d4 d5 2. c4 c6 3. Nf3 Nf6 4. e3 e6 5. Bd3 Nbd7 6. b3 Bd6 7. Bb2 Qe7 8. Ne5
Bb4+ 9. Nd2 Nxe5 10. dxe5 Nd7 11. O-O f6 12. Nf3 Ba5 13. exf6 Nxf6 14. Qc2 Bc7
15. e4 dxe4 16. Bxe4 O-O 17. Be5 Bxe5 18. Nxe5 Qc5 19. Rfe1 a5 20. a4 Kh8 21.
Bd3 b6 22. Re3 Bb7 23. Rae1 Rad8 24. Rh3 Qb4 25. Re2 h6 26. Ng6+ Kg8 27. Nxf8
Qxf8 28. Rhe3 Bc8 29. h3 c5 30. Bg6 Rd4 31. Rd3 Qd6 32. Rxd4 cxd4 33. Qd3 Bb7
34. Rd2 e5 35. f4 Nd7 36. Qf5 exf4 37. Qf7+ Kh8 38. Re2 Nf8 39. Re8 1-0

[Event "Acropolis 2008"]
[Site "Athens"]
[Date "2008.08.11"]
[Round "3.5"]
[White "Salgado Lopez, Ivan"]
[Black "Dembo, Yelena"]
[Result "1-0"]
[WhiteElo "2532"]
[BlackElo "2431"]
[PlyCount "147"]
[EventDate "2008.08.09"]

1. b3 e5 2. Bb2 Nc6 3. c4 Nf6 4. d3 d5 5. cxd5 Nxd5 6. Nf3 Bd6 7. Nbd2 O-O 8.
g3 Re8 9. Bg2 Nb6 10. O-O Bg4 11. h3 Bh5 12. Rc1 f5 13. e4 Nb4 14. Nc4 Nxc4 15.
Rxc4 fxe4 16. Rxe4 Bg6 17. Rxb4 Bxb4 18. Nxe5 Qd6 19. Qg4 a5 20. Bxb7 Rab8 21.
Qc4+ Kh8 22. Nxg6+ Qxg6 23. Be4 Qh6 24. Kg2 Bd6 25. Bc3 Bb4 26. Ba1 Bd6 27. Qd5
Bb4 28. Qc4 Bd6 29. f4 Rf8 30. Qc6 Qh5 31. Rf2 Qf7 32. Qa6 Qh5 33. Qc6 Qf7 34.
h4 Qh5 35. Qc3 Rf7 36. Bf3 Qf5 37. Qc4 Rff8 38. Be4 Qh5 39. Bc3 Qg4 40. Bf3 Qf5
41. Qd4 Rf7 42. Re2 Rbf8 43. h5 h6 44. Qc4 Bb4 45. Re5 Qd7 46. Bxb4 axb4 47. d4
Qd6 48. Re6 Qd7 49. Bg4 Qd8 50. Bf3 Qd7 51. Be4 Re7 52. d5 Rfe8 53. f5 Rxe6 54.
fxe6 Qe7 55. Bd3 Rf8 56. Qe4 g5 57. hxg6 Kg7 58. Qe5+ Kg8 59. g7 Qxg7 60. Qe4
Rb8 61. Qf4 Kh8 62. d6 cxd6 63. Qxd6 Qb7+ 64. Kh2 Ra8 65. a4 Qg7 66. a5 Rg8 67.
Qf4 Rf8 68. Qe3 h5 69. Qe4 Rf2+ 70. Kh3 Qg4+ 71. Qxg4 hxg4+ 72. Kxg4 Kg7 73. a6
Kf6 74. Bb1 1-0